| 000 | 01015cam a2200205 4500 | ||
|---|---|---|---|
| 001 | WB3845-24 | ||
| 008 | 021203n2002 000 0 eng u | ||
| 035 | _a(Sirsi) u120643 | ||
| 245 | _aDeprivation gauge targets crime | ||
| 260 | _c2002 | ||
| 490 |
_aRegeneration and Renewal _v29 November 2002, 1(1) |
||
| 520 | _aA consultation report on revisions to the "Indices of deprivation 2000" includes proposals to integrate problems caused by crime and a poor physical environment into the indices. The indices play a key role in the allocation of government regeneration funding. The initial consultation deadline is 15 January 2003 and the revised indices should be in place by September 2003. "Updating the English Indices of deprivation 2000: stage 1 consultation report" available from http://www.neighbourhood.gov.uk/indices.asp | ||
| 590 | _aWB | ||
| 650 | _aDEPRIVATION | ||
| 650 | _aDEPRIVED AREAS | ||
| 650 | _aNEIGHBOURHOOD RENEWAL | ||
| 650 | _aCRIME | ||
| 690 | _aREGENERATION | ||
| 942 | _n0 | ||
| 999 |
_c71692 _d71692 |
||